| 000 | 01325cam a2200349 a 4500 | ||
|---|---|---|---|
| 999 |
_c229230 _d229230 |
||
| 001 | in900640051 | ||
| 005 | 20180104095644.0 | ||
| 008 | 111003s2011 nyu d 000 1 eng | ||
| 010 | _z2010035306 | ||
| 020 | _a9780385739153 (pbk.) | ||
| 020 | _a038573915X (pbk.) | ||
| 035 | _a1162244 | ||
| 040 |
_aTnLvILS _cTnLvILS _dTnLvILS |
||
| 092 | _aYA KATE | ||
| 100 | 1 |
_aKate, Lauren. _95738429 |
|
| 245 | 1 | 0 |
_aTorment / _cLauren Kate. |
| 250 | _a1st Ember ed. | ||
| 260 |
_aNew York : _bEmber, _c2011. |
||
| 264 |
_aNew York _bEmber _c2011 |
||
| 300 |
_a452 p. ; _c21 cm. |
||
| 336 | _atext | ||
| 337 | _aunmediated | ||
| 338 | _avolume | ||
| 490 | 1 | _aA fallen novel. | |
| 500 | _aCopyright date: 2010. | ||
| 500 | _aIncludes excerpts from several other novels. | ||
| 520 | _aIn a desperate effort to save Luce from the Outcasts--immortals who want her dead--Luce and Daniel are forced to be apart from each other and, as she discovers more about her past lives, Luce starts to suspect that Daniel may have lied to her about their shared past and that she may have been destined to be with someone else all along. | ||
| 650 | 0 |
_aParanormal fiction. _95675336 |
|
| 650 | 0 |
_aLove stories. _987149 |
|
| 650 | 0 |
_aReincarnation _vJuvenile fiction. _95738430 |
|
| 650 | 0 |
_aAngels _vJuvenile fiction. _95688902 |
|
| 650 | 1 |
_aOccultism _vFiction. _95733445 |
|
| 650 | 1 |
_aLove stories. _987149 |
|
| 650 | 1 |
_aReincarnation _vFiction. _95692127 |
|
| 650 | 1 |
_aAngels _vFiction. _95688903 |
|
| 800 | 1 |
_aKate, Lauren. _tFallen novel. _95693726 |
|
| 907 | _a.b275464878 | ||
| 942 |
_2ddc _cBOOK |
||